[Event "Chicago Girls"]
[Site "Chicago"]
[Date "2004.05.16"]
[Round "3"]
[White "Wang, Clara"]
[Black "Huang, Becky"]
[Result "1-0"]
[WhiteElo "880"]
[BlackElo "900"]
[PlyCount "59"]
[EventDate "2004.05.15"]
[EventType "swiss"]
[EventRounds "6"]
[EventCountry "USA"]
[EventCategory "1"]
[SourceTitle "EXT 2006"]
[Source "ChessBase"]
[SourceDate "2005.11.24"]
[SourceVersion "1"]
[SourceVersionDate "2005.11.24"]
[SourceQuality "1"]

1. e4 e5 2. Qf3 Nf6 3. Bc4 Nc6 4. Ne2 Bc5 5. Nbc3 0-0 6. d3 h6 7. Be3 Bxe3 8. fxe3 Nb4 9. 0-0-0 d6 10. h3 a6 11. a3 b5 12. Bb3 Nc6 13. Rdg1 b4 14. axb4 Nxb4 15. g4 Be6 16. Bxe6 fxe6 17. h4 Nfd5 18. Qg3 Nxc3 19. Nxc3 Kh7 20. g5 Rg8 21. Qh2 c5 22. gxh6 gxh6 23. h5 Qa5 24. Kd2 Na2 25. Rg2 Rab8 26. Rhg1 Rxb2 27. Rxg8 Qxc3+ 28. Ke2 Rxc2+ 29. Kf3 Rxh2 30. R1g7# 1-0